Complete the Card - WWE WrestleMania XXVI - Statistics

General Stats
  • This quiz has been taken 911 times
  • The average score is 27 of 39
Answer Stats
Answer % Correct
The Undertaker
99%
John Cena
98%
Shawn Michaels
97%
Edge
95%
Randy Orton
94%
Batista
92%
Chris Jericho
90%
Triple H
90%
The Big Show
89%
The Miz
89%
Cody Rhodes
86%
CM Punk
85%
Kane
82%
Ted DiBiase
81%
Sheamus
80%
Jack Swagger
79%
Rey Mysterio
76%
John Morrison
70%
Kofi Kingston
70%
Christian
66%
Vince McMahon
66%
Matt Hardy
65%
R-Truth
65%
Bret Hart
63%
Beth Phoenix
58%
Michelle McCool
58%
Shelton Benjamin
58%
MVP
57%
Layla
56%
Kelly Kelly
54%
Dolph Ziggler
53%
Evan Bourne
51%
Drew McIntyre
46%
Mickie James
45%
Eve Torres
44%
Vickie Guerrero
42%
Alicia Fox
41%
Maryse
32%
Gail Kim
26%
No matching quizzes found
Score Distribution
Percent of People with Each Score
Percentile by Number Answered
Your Score History
You have not taken this quiz